000 00931nam a2200301 i 4500
003 EG-GICUC
005 20260123144847.0
008 260123s1976 ua ||||fr ||| 00| 0 eng d
040 _aEG-GICUC
_cEG-GICUC
_dEG-GICUC
_erda
_beng
041 0 _aeng
082 0 4 _221
_a341.66
_bAM . I
092 0 4 _221
099 _aLaw1 11 341.66 AM . I 1976
100 1 _aM.Amer,Ahmed Ali
_eAuthor.
245 1 2 _aThe Book Of The International Symposium On The 1973 October War /
_hVolume 1 .
_pMilitary Sector .
_cAhmed Ali M.Amer .
264 0 _aEgypt :
_c1976 .
300 _a315 Pages;
_c30 cm.
336 _atext
_2rda content
337 _aComputer
_2rda media
338 _aOnline Resource
_2rda carrier
546 _aText in English
650 0 4 _aPublic international law
650 0 4 _aEnd of war
651 1 _2qrmak
856 _uhttps://fll.law.cu.edu.eg/fulltext/th/B11-07243.pdf
905 _a59
942 _2ddc
_cBK
_e21
_n0
999 _c58784
_d58784